| 000 | 00671nam a22002291c 4500 | ||
|---|---|---|---|
| 001 | a987671481 | ||
| 008 | 130913s2012 gw |||| 000u eng d | ||
| 020 |
_a9783034307895 _9978-3-0343-0789-5 |
||
| 041 | _aeng | ||
| 245 | 0 | 0 |
_aWar, journalism and history : _bwar correspondents in the two world wars |
| 264 |
_aOxford [u.a.] : _bLang, _c2012 |
||
| 300 | _a215 S. | ||
| 650 | 0 | _aWeltkrieg <1914-1918> | |
| 650 | 0 | _aWeltkrieg <1939-1945> | |
| 650 | 0 | _aKriegsberichterstatter | |
| 650 | 0 | _aAufsatzsammlung | |
| 700 | 1 |
_aMcEwen, Yvonne T. _eHerausgeberIn |
|
| 700 | 1 |
_aFisken, Fiona A. _eHerausgeberIn |
|
| 942 | _cMG | ||
| 040 | _cRU-10907106 | ||
| 003 | RU-10907106 | ||
| 999 |
_c25260 _d25260 |
||